Rozsypanka literowa - Miasta w powiecie kłodzkim - Statystyki

Ogólne statystyki
  • Ten quiz został rozwiązany 19 razy
  • Średni wynik to 5 z 11
Statystyki odpowiedzi
Miasto % Poprawnych
Kłodzko
100%
Kudowa-Zdrój
64%
Radków
64%
Lądek-Zdrój
55%
Międzylesie
55%
Duszniki-Zdrój
45%
Nowa Ruda
45%
Polanica-Zdrój
36%
Bystrzyca Kłodzka
27%
Stronie Śląskie
27%
Szczytna
27%
Nie znaleziono quizów pasujących do podanych kryteriów
Rozkład punktacji
Procent ludzi z każdym wynikiem
Percentyl według liczby udzielonych odpowiedzi
Twoja historia wyników
Nie rozwiązałeś tego quizu